| 000 | 01392nam a2200349 a 4500 | ||
|---|---|---|---|
| 001 | ebr10133006 | ||
| 003 | CaPaEBR | ||
| 006 | m u | ||
| 007 | cr cn||||||||| | ||
| 008 | 060322s2006 enk sb 001 0 eng d | ||
| 010 | _z 2006273776 | ||
| 020 | _z1845112059 (pbk.) | ||
| 040 |
_aCaPaEBR _cCaPaEBR |
||
| 035 | _a(OCoLC)67139101 | ||
| 043 | _aa-iq--- | ||
| 050 | 1 | 4 |
_aDS79.76 _b.R64 2006eb |
| 100 | 1 |
_aRogers, Paul, _d1943- |
|
| 245 | 1 | 0 |
_aIraq and the war on terror _h[electronic resource] : _btwelve months of insurgency, 2004/2005 / _cPaul Rogers. |
| 260 |
_aLondon : _bI. B. Tauris ; _aNew York : _bPalgrave Macmillan [dist.], _c2006. |
||
| 300 | _avii, 184 p. | ||
| 490 | 1 | _aInternational security report | |
| 504 | _aIncludes bibliographical references (p. 155-173) and index. | ||
| 533 |
_aElectronic reproduction. _bPalo Alto, Calif. : _cebrary, _d2013. _nAvailable via World Wide Web. _nAccess may be limited to ebrary affiliated libraries. |
||
| 650 | 0 | _aWar on Terrorism, 2001-2009. | |
| 650 | 0 | _aIraq War, 2003-2011. | |
| 651 | 0 |
_aIraq _xPolitics and government _y2003- |
|
| 655 | 7 |
_aElectronic books. _2local |
|
| 710 | 2 | _aOxford Research Group. | |
| 710 | 2 | _aebrary, Inc. | |
| 830 | 0 | _aInternational security report. | |
| 856 | 4 | 0 |
_uhttp://site.ebrary.com/lib/rucke/Doc?id=10133006 _zAn electronic book accessible through the World Wide Web; click to view |
| 999 |
_c80213 _d80213 |
||